000 00468nam a2200121Ia 4500
008 220620s9999||||xx |||||||||||||| ||und||
245 0 _aKnowledge and Institutions
546 _aEnglish[eng]
650 _aSocial sciences||Human geography||Sociology||Management||Industrial management||Industrial psychology
700 _aGlückler, Johannes||Suddaby, Roy||Lenz, Regina
856 _uhttps://library.oapen.org/bitstream/20.500.12657/23094/1/1007064.pdf
942 _cEB
999 _c31281
_d31281